000 00542cam a22002174a 4500
005 20250605164316.0
008 250528s ||||||||||||||||||||||||d
035 _a22683
020 _a9780321263544
040 _aGR-AtMCL
_bgre
_dGR-AtMCL
_eAACR2
245 1 _aDISTRIBUTED SYSTEMS / CONCEPTS AND DESIGN
250 _a4
260 _bAddison-Wesley,
_c2005
300 _a927
700 1 _aCoulouris George
_9819
700 1 _aDollimore Jean
_9820
700 1 _aKindberg Tim
_9821
942 _cBK
999 _c7731
_d7731